000 00466nam a22001697a 4500
003 NUST - PNEC
005 20170116181012.0
008 150913b xxu||||| |||| 00| 0 eng d
020 _a0201133180
040 _cLIBRARY
082 _a621.38173 UYE
100 _910264
_a Uyemura, John P.
245 _a Fundamentals of MOS digital integrated circuits
_c John P. Uyemura
260 _cc.1988
650 _910268
_aMetal oxide semiconductors
_xEE
942 _2ddc
_cBK
999 _c67146
_d67146